Teenage Dirtbag - Wheatus (All Lyrics) - Statistics

General Stats
  • This quiz has been taken 1,802 times
  • The average score is 200 of 245
Answer Stats
Teenage Dirtbag % Correct
I
100%
a
98%
baby
97%
dirtbag
97%
teenage
97%
just
96%
i'm
95%
I'm
95%
to
94%
he
93%
He
93%
She
93%
she
93%
me
92%
me?
92%
about
90%
an
90%
Verse 1 | Verse 2 Her
90%
her
90%
Iron
90%
No
89%
does
88%
got
88%
know
88%
Maiden
88%
my
88%
My
88%
with
88%
am
87%
am?
87%
and
87%
And
87%
Chorus Cause
87%
doesn't
87%
is
87%
be
86%
give
86%
who
86%
damn
85%
name
85%
Listen
83%
Oh
83%
Yeah
82%
yeah
82%
dream
80%
have
80%
bell
79%
rings
79%
boyfriend's
77%
But
77%
maybe
77%
Come
76%
don't
76%
tickets
76%
two
76%
dick
75%
how
75%
How
75%
in
75%
In
75%
Noelle
75%
say
75%
like
72%
she's
72%
She's
72%
you
72%
what
71%
class
69%
I've
69%
Friday
68%
rocks
68%
gym
67%
missin'
67%
socks
67%
if
66%
kick
65%
school
65%
on
64%
drives
63%
knew
63%
the
63%
ass
62%
brings
62%
gun
62%
block
61%
lives
61%
why
61%
hour
60%
half
59%
tube
55%
he'd
53%
Lo
52%
truth
52%
simply
49%
ooh
48%
This
48%
IROC
47%
walkin'
47%
over
46%
shake
46%
start
46%
It's
45%
night
44%
prom
44%
must
43%
fake
42%
lips
40%
behold
39%
feel
38%
lonely
37%
mold
30%
Keds
29%
Verse 3 Man
28%
No matching quizzes found
Score Distribution
Percent of People with Each Score
Percentile by Number Answered
Your Score History
You have not taken this quiz